00782nam a2200145 a 450000100100000000500170001000800410002702000180006804000250008624503940011126000390050530000200054470000350056470000370059900004381220201002045000.0140506s2013 pn 000 0 spa d a9789962055082 aDO-SdBNPbspacBNPHU00aVida y Obra Universitaria del Dr. Gustavo García de Paredes Aued. :besta compilación de datos sobre la vida y obra del Doctor García de Paredes Aued, es parte de un documento fílmico, donde se destacan los aportes más importantes de sus diferentes periodos como rector de la Universidad de Panamá /ccompiladores José Alberto Del Cid Felipe, Gustavo Alexis Donalicio Danila. aPanamá, :bUniversitaria,c2013. a85 p. ;c21 cm.12aDel Cid Felipe, José Alberto12aDonalicio Danila, Gustavo Alexis